000 01057 a2200217 4500
003 Nust
005 20221220112721.0
010 _a 74013521
020 _a0875482929
040 _cNust
082 0 0 _a320.09,KIR
100 1 _aKirk, Russell.
_9105314
245 1 4 _aThe roots of American order /
_cRussell Kirk
250 _a[1st ed.]
260 _aLaSalle, Ill.,
_bOpen Court
_c[1974]
300 _axvi, 534 p.
_c24 cm.
505 _aOrder the First Need of All (Page-3), The Law and the Prophets (Page-11), Glory and Ruin the Greek World (Page-51), Virtue and Power the Tension (Page-97), The Genius of Christianity (Page-137), The Light of the Middle Ages (Page-177), The Reformers Drum (Page-221), The Constitution of Church and State (Page-259), Salutary Neglect the Colonial order (Page-301), Eighteenth Century Intellects (Page-347), Declaration of Constitution (Page-393), Contending Against American Disorder (Page-441).
650 0 _apolitical science
_9335
650 0 _aPolitical science
_xHistory.
_9105315
942 _2ddc
_cBK
_k320.09,KIR
999 _c184912
_d184912